Central Library OPAC University of Rajshahi

Exploring social psychology / (Record no. 82191)

MARC details
000 -LEADER
fixed length control field 01098nam a2200325 a 4500
001 - CONTROL NUMBER
control field 82191
003 - CONTROL NUMBER IDENTIFIER
rucl marc code BD-RjUL
005 - DATE AND TIME OF LATEST TRANSACTION
control field 20231029110434.0
008 - FIXED-LENGTH DATA ELEMENTS--GENERAL INFORMATION
fixed length control field 231029r20202018nyu b 001 0 eng
020 ## - INTERNATIONAL STANDARD BOOK NUMBER
International Standard Book Number 9789389949773
International Standard Book Number 9781259880889 (alk. paper)
International Standard Book Number 1259880885 (alk. paper)
035 ## - SYSTEM CONTROL NUMBER
System control number (BD-RjUL)82191
040 ## - CATALOGING SOURCE
Original cataloging agency DLC
Language of cataloging eng
Transcribing agency DLC
Description conventions rda
Modifying agency DLC
-- BD-RjUL
041 ## - LANGUAGE CODE
Language code of text/sound track or separate title eng
082 00 - DEWEY DECIMAL CLASSIFICATION NUMBER
Edition number 23
Classification number 302
Author mark and year MYE 2020
100 1# - MAIN ENTRY--PERSONAL NAME
Personal name Myers, David G.,
Relator term author.
9 (RLIN) 9764
245 10 - TITLE STATEMENT
Title Exploring social psychology /
Statement of responsibility, etc. David G. Myers, Hope College, Jean M. Twenge, San Diego State University.
250 ## - EDITION STATEMENT
Edition statement Eighth edition.
264 #1 - PRODUCTION, PUBLICATION, DISTRIBUTION, MANUFACTURE, AND COPYRIGHT NOTICE
Place of production, publication, distribution, manufacture New York ;
-- Chennai :
Name of producer, publisher, distributor, manufacturer McGraw-Hill Education,
-- McGraw-Hill (India) Education :
Date of production, publication, distribution, manufacture, or copyright notice 2018, 2020
300 ## - PHYSICAL DESCRIPTION
Pagination xx, 368 pages ;
Size 24 cm
336 ## - CONTENT TYPE
Content type term text
Content type code txt
Source rdacontent
337 ## - MEDIA TYPE
Media type term unmediated
Media type code n
Source rdamedia
338 ## - CARRIER TYPE
Carrier type term volume
Carrier type code nc
Source rdacarrier
504 ## - BIBLIOGRAPHY, ETC. NOTE
Bibliography, etc Includes bibliographical references and index.
650 #0 - SUBJECT ADDED ENTRY--TOPICAL TERM
Topical term or geographic name as entry element Social psychology.
9 (RLIN) 1101
700 1# - ADDED ENTRY--PERSONAL NAME
Personal name Twenge, Jean M.,
Dates associated with a name 1971-
Relator term author.
942 ## - ADDED ENTRY ELEMENTS (KOHA)
Source of classification or shelving scheme Dewey Decimal Classification
Koha item type Books
Holdings
Lost status Source of classification or shelving scheme Damaged status Not for loan Collection code Permanent Location Current Location Shelving location Date acquired Source of acquisition Cost, normal purchase price Total Checkouts Full call number Date last seen Copy number Koha item type
  Dewey Decimal Classification   Not For Loan Non-fiction Central Library, University of Rajshahi Central Library, University of Rajshahi Reading Room 24/08/2023 Dhaka : Mullick and Brothers 1350.00   302 MYE 2020 29/10/2023 C-1 Books
  Dewey Decimal Classification     Non-fiction Central Library, University of Rajshahi Central Library, University of Rajshahi General Stacks 24/08/2023 Dhaka : Mullick and Brothers 1350.00   302 MYE 2020 29/10/2023 C-2 Books
  Dewey Decimal Classification     Non-fiction Central Library, University of Rajshahi Central Library, University of Rajshahi General Stacks 24/08/2023 Dhaka : Mullick and Brothers 1350.00   302 MYE 2020 29/10/2023 C-3 Books